| 000 | 00818nam a22002897a 4500 | ||
|---|---|---|---|
| 001 | 12819065 | ||
| 005 | 20180220080646.0 | ||
| 007 | he|amb---bacp | ||
| 007 | he|bmb---baap | ||
| 008 | 980604s1988 ph a b f000 0 eng | ||
| 010 | _a 97947007 | ||
| 025 | _aPh | ||
| 035 | _a(DLC) 97947007 | ||
| 040 |
_aDLC _cDLC |
||
| 041 | _aeng | ||
| 042 | _alcode | ||
| 043 | _aa-ph--- | ||
| 080 | _a611 HEN | ||
| 082 | _2611 HEN | ||
| 100 | _a4 | ||
| 101 | _aSHM | ||
| 245 | 0 | 0 | _aCalamities and disaster preparedness plan |
| 533 |
_aMicrofiche. _bJakarta : _cLibrary of Congress Office ; _bWashington, D.C. : _cLibrary of Congress Photoduplication Service, _d1998. _e2 microfiches ; 11 x 15 cm. |
||
| 906 |
_a7 _bcbc _corigode _d5 _encip _f19 _gy-gencatlg |
||
| 942 |
_2ddc _cBK |
||
| 999 |
_c42932 _d42932 |
||